Constitution de la Republique d' Haiti 1987 = Constitución de la República de Haití 1987 / (Registro nro. 35860)
[ vista simple ]
| 000 -CABECERA | |
|---|---|
| campo de control de longitud fija | 00923nam a2200253 a 4500 |
| 001 - NÚMERO DE CONTROL | |
| campo de control | 000036369 |
| 005 - FECHA Y HORA DE LA ÚLTIMA TRANSACCIÓN | |
| campo de control | 20200930075707.0 |
| 008 - DATOS DE LONGITUD FIJA--INFORMACIÓN GENERAL | |
| campo de control de longitud fija | 120116s1999 dr 000 0 spa d |
| 040 ## - FUENTE DE LA CATALOGACIÓN | |
| Centro catalogador/agencia de origen | DO-SdBNP |
| Lengua de catalogación | spa |
| Centro/agencia transcriptor | BNPHU |
| 041 17 - CÓDIGO DE LENGUA | |
| Código de lengua del texto/banda sonora o título independiente | spa |
| Código de lengua original | eng |
| 082 ## - NÚMERO DE LA CLASIFICACIÓN DECIMAL DEWEY | |
| Número de clasificación | 342.729402 |
| Número de documento/Ítem | H153c, 1987 |
| 110 1# - ENTRADA PRINCIPAL--NOMBRE DE ENTIDAD CORPORATIVA | |
| Nombre de entidad corporativa o nombre de jurisdicción como elemento de entrada | Haití. |
| 9 (RLIN) | 59983 |
| 240 10 - TÍTULO UNIFORME | |
| Título uniforme | Constitución (1987) |
| 245 10 - MENCIÓN DE TÍTULO | |
| Título | Constitution de la Republique d' Haiti 1987 = Constitución de la República de Haití 1987 / |
| Mención de responsabilidad, etc. | traducción del francés Alfonso Lockward. |
| 250 ## - MENCIÓN DE EDICIÓN | |
| Mención de edición | Ed. bilingüe |
| 260 ## - PUBLICACIÓN, DISTRIBUCIÓN, ETC. | |
| Lugar de publicación, distribución, etc. | Santo Domingo : |
| Nombre del editor, distribuidor, etc. | Ambassade d´Haiti, |
| Fecha de publicación, distribución, etc. | 1999. |
| 300 ## - DESCRIPCIÓN FÍSICA | |
| Extensión | 148 p. ; |
| Dimensiones | 22 cm. |
| 546 ## - NOTA DE LENGUA/LENGUAJE | |
| Nota de lengua/lenguaje | Texto en español y francés. |
| 590 ## - NOTA LOCAL (RLIN) | |
| Nota local | Inventariado, 2018/ YL |
| 651 #4 - PUNTO DE ACCESO ADICIONAL DE MATERIA--NOMBRE GEOGRÁFICO | |
| Nombre geográfico | Haití |
| Subdivisión general | Constitución (1987{Rpara} |
| 9 (RLIN) | 62558 |
| 651 #4 - PUNTO DE ACCESO ADICIONAL DE MATERIA--NOMBRE GEOGRÁFICO | |
| Nombre geográfico | Haití |
| Subdivisión general | Derecho Constitucional |
| 9 (RLIN) | 31018 |
| 700 1# - PUNTO DE ACCESO ADICIONAL--NOMBRE DE PERSONA | |
| Nombre de persona | Lockward Pérez, Jorge Alfonso, |
| Fechas asociadas al nombre | 1937-2001, |
| Término indicativo de función/relación | tr. |
| 9 (RLIN) | 2059 |
| 910 ## - DATOS DE OPCIÓN DEL USUARIO (OCLC) | |
| Datos de opción del usuario | Validado. Control de calidad EMS |
| Estado de retiro | Estado de pérdida | Restricciones de uso | No para préstamo | Código de colección | Localización permanente | Ubicación/localización actual | Ubicación en estantería | Fecha de adquisición | Número de inventario | Total de préstamos | Signatura topográfica completa | Código de barras | Fecha visto por última vez | Número de copia | Precio válido a partir de | Tipo de ítem Koha | Nota pública |
|---|---|---|---|---|---|---|---|---|---|---|---|---|---|---|---|---|---|
| Dominicana de Servicio | General | General | Depósito | 09.09.2012 | LF1 | 342.729402 H153c, 1987 | 36370-30 | 25.06.2020 | e. 3 | 25.06.2020 | Libro y Folleto Colección Dominicana de Servicio | ||||||
| Dominicana de Servicio | General | General | Depósito | 24.10.2013 | LF1 | 342.729402 H153c, 1987 | 36370-40 | 25.06.2020 | e. 4 | 25.06.2020 | Libro y Folleto Colección Dominicana de Servicio | Perteneció a la biblioteca personal de Germán Emilio Ornes. | |||||
| Dominicana de Servicio | General | General | Depósito | 24.10.2013 | LF1 | 342.729402 H153c, 1987 | 36370-50 | 25.06.2020 | e. 5 | 25.06.2020 | Libro y Folleto Colección Dominicana de Servicio | Perteneció a la biblioteca personal de Germán Emilio Ornes. | |||||
| Excluido de préstamo | Patrimonio Dominicano | Patrimonio Dominicano | Patrimonio Dominicano | Depósito | 16.01.2012 | LF1 | 342.729402 H153c, 1987 | 36370-10 | 25.06.2020 | 25.06.2020 | Libro y Folleto Colección Patrimonio Dominicano | ||||||
| Excluido de préstamo | Patrimonio Dominicano | Patrimonio Dominicano | Patrimonio Dominicano | Depósito | 16.01.2012 | LF1 | 342.729402 H153c, 1987 | 36370-20 | 25.06.2020 | e. 2 | 25.06.2020 | Libro y Folleto Colección Patrimonio Dominicano |
